Pakistan from mountain to sea (Record no. 528847)

000 -LEADER
fixed length control field 00476nam a22001577a 4500
003 - CONTROL NUMBER IDENTIFIER
control field NUST
020 ## - INTERNATIONAL STANDARD BOOK NUMBER
International Standard Book Number 1-874041-25-3
038 ## - RECORD CONTENT LICENSOR
Staff Name MSOHAIL
082 ## - DEWEY DECIMAL CLASSIFICATION NUMBER
Classification number 954.91 MOH
100 ## - MAIN ENTRY--PERSONAL NAME
Personal name MOHAMED AMIN,WILLETTS, DUNCAN,FARROW, BERNDAN
9 (RLIN) 20635
245 ## - TITLE STATEMENT
Title Pakistan from mountain to sea
260 ## - PUBLICATION, DISTRIBUTION, ETC.
Name of publisher, distributor, etc. Kenya
Place of publication, distribution, etc. Camerapix Pub
Date of publication, distribution, etc. 1994
300 ## - PHYSICAL DESCRIPTION
Extent 250,p;
Dimensions 25cm
650 ## - SUBJECT ADDED ENTRY--TOPICAL TERM
Topical term or geographic name entry element JOURNEY THROUGH PAKISTAN..PAKISTAN GEOGRAPHICAL HISTORY.PAKISTAN FROM MOUNTAINS TO SEA
9 (RLIN) 20636
942 ## - ADDED ENTRY ELEMENTS (KOHA)
Koha item type Book
Source of classification or shelving scheme
Holdings
Withdrawn status Lost status Source of classification or shelving scheme Damaged status Not for loan Permanent Location Current Location Date acquired Total Checkouts Full call number Barcode Date last seen Price effective from Koha item type
          School of Civil and Environmental Engineering (SCEE) School of Civil and Environmental Engineering (SCEE) 09/13/2019   954.91 MOH NIT-10535 09/13/2019 09/13/2019 Book
© 2023 Central Library, National University of Sciences and Technology. All Rights Reserved.